| 000 | 00594nam a2200181Ia 4500 | ||
|---|---|---|---|
| 003 | GCL | ||
| 008 | 140319s9999 xx 000 0 ara d | ||
| 040 |
_aGCL / _cGCL |
||
| 082 | 0 | 4 |
_a252.312 _bا ش |
| 100 | 1 | _aمحمد محمد الدهان | |
| 245 | 1 | 0 |
_aشهر رمضان: فضله وصيامه / _cمحمد محمد الدهان |
| 260 |
_a[S.N] : _bدار البشير للثقافة والعلوم الاسلامية |
||
| 300 | _a113 ص | ||
| 490 |
_aسلسلة نحو فقة اسلامى عصرى 1 _v0 |
||
| 650 | 0 | 4 | _aالصوم |
| 650 | 0 | 4 | _aشهر رمضان |
| 942 |
_2ddc _cBK |
||
| 999 |
_c58796 _d58796 |
||